[Event "GER-chT Youth Countries 2018"]
[Site "Wurzburg"]
[Date "2018.10.07"]
[Round "7"]
[White "Ewert, Hannes"]
[Black "Sieber, Fiona"]
[Result "1/2-1/2"]
[WhiteElo "2314"]
[BlackElo "2246"]
[Annotator "ChessBase"]
[PlyCount "79"]
[EventDate "2018.10.03"]
[EventType "team-tourn"]
[EventCountry "GER"]
[SourceTitle "playchess.com"]
[Source "ChessBase"]
[SourceQuality "1"]
[TimeControl "40/5400+30:1800+30"]

1. d4 {[%emt 0:00:00]} Nf6 {[%emt 0:00:00]} 2. c4 {[%emt 0:00:00]} e6 {[%emt 0:00:00]} 3. Nf3 {[%emt 0:00:11]} b6 {[%emt 0:00:00]} 4. g3 {[%emt 0:00:21]} Ba6 {[%emt 0:00:00]} 5. b3 {[%emt 0:00:21]} Bb4+ {[%emt 0:00:04]} 6. Bd2 {[%emt 0:00:06]} Be7 {[%emt 0:00:04]} 7. Bg2 {[%emt 0:00:20]} c6 {[%emt 0:00:25]} 8. Bc3 {[%emt 0:00:13]} d5 {[%emt 0:00:51]} 9. Nbd2 {[%emt 0:00:43]} O-O {[%emt 0:00:13]} 10. O-O {[%emt 0:01:23]} Nbd7 {[%emt 0:11:43]} 11. Re1 {[%emt 0:03:47]} Bb7 {[%emt 0:10:43]} 12. Qc2 {[%emt 0:12:57]} c5 {[%emt 0:03:26]} 13. dxc5 {[%emt 0:02:22]} Bxc5 {[%emt 0:04:48]} 14. b4 {[%emt 0:04:03]} Bd6 {[%emt 0:01:27]} 15. Qb2 {[%emt 0:01:17]} Re8 {[%emt 0:06:55]} 16. cxd5 {[%emt 0:05:29]} exd5 {[%emt 0:00:20]} 17. Rad1 {[%emt 0:03:21]} Rc8 {[%emt 0:03:39]} 18. Nb3 {[%emt 0:09:07]} Bf8 {[%emt 0:02:16]} 19. a3 {[%emt 0:02:55]} Ne4 {[%emt 0:02:34]} 20. Bd4 {[%emt 0:00:14]} Qe7 {[%emt 0:01:06]} 21. Nc1 {[%emt 0:07:52]} Nb8 {[%emt 0:12:55]} 22. Bh3 {[%emt 0:06:37]} Rcd8 {[%emt 0:01:54]} 23. Qa1 {[%emt 0:05:08]} Nc6 {[%emt 0:01:18]} 24. Bb2 {[%emt 0:00:29]} b5 {[%emt 0:05:26]} 25. Nd4 {[%emt 0:02:57]} a5 {[%emt 0:03:53]} 26. Nxc6 {[%emt 0:02:49]} Bxc6 {[%emt 0:00:02]} 27. Nd3 {[%emt 0:01:06]} Qg5 {[%emt 0:12:35]} 28. Bc1 {[%emt 0:12:00]} Qe7 {[%emt 0:01:59]} 29. bxa5 {[%emt 0:01:14]} Qa7 {[%emt 0:01:24]} 30. Bb2 {[%emt 0:07:05]} Qxa5 {[%emt 0:00:28]} 31. Rc1 {[%emt 0:00:34]} Bb7 {[%emt 0:00:55]} 32. Nb4 {[%emt 0:04:29]} f6 {[%emt 0:01:38]} 33. Nc2 {[%emt 0:02:49]} Ra8 {[%emt 0:06:19]} 34. Nd4 {[%emt 0:01:02]} b4 {[%emt 0:00:48]} 35. axb4 {[%emt 0:00:40]} Qb6 {[%emt 0:01:02]} 36. Qb1 {[%emt 0:00:12]} Bxb4 {[%emt 0:00:01]} 37. Red1 {[%emt 0:00:17]} Ba6 {[%emt 0:00:53]} 38. Rc6 {[%emt 0:00:34]} Qa7 {[%emt 0:00:23]} 39. Be6+ {[%emt 0:00:33]} Kh8 {[%emt 0:00:18]} 40. Bxd5 1/2-1/2

[Event "GER-chT Youth Countries 2018"]
[Site "Wurzburg"]
[Date "2018.10.07"]
[Round "7"]
[White "Niermann, Tristan"]
[Black "Richter, Leonard"]
[Result "0-1"]
[WhiteElo "2307"]
[BlackElo "2322"]
[Annotator "NA"]
[PlyCount "108"]
[EventDate "2018.10.03"]
[EventType "team-tourn"]
[EventCountry "GER"]
[SourceTitle "playchess.com"]
[Source "ChessBase"]
[SourceQuality "1"]
[TimeControl "40/5400+30:1800+30"]

{[%evp 20,107,32,32767,48,37,57,61,94,86,81,58,55,0,53,49,32767,75,37,24,32767,32767,3,0,0,32767,32767,32767,32767,101,105,32767,32767,32767,32767,32767,-37,-146,-134,32767,32767,-179,32767,32767,32767,-165,32767,32767,32767,32767,32767,-249,-254,-393,-405,32767,-381,-358,-187,-348,-339,-343,32767,-354,-350,-383,32767,-404,32767,-378,-462,-422,-487,32767,-601,32767,32767,-29952,32767,32767,32767,32767,32767,-12846,-29984,-29982,-29986,-29983,32767,-29999]} 1. d4 {[%emt 0:00:00]} Nf6 {[%emt 0:00:00]} 2. c4 {[%emt 0:00:00]} g6 {[%emt 0:00:00]} 3. g3 {[%emt 0:00:00]} Bg7 {[%emt 0:00:00]} 4. Bg2 {[%emt 0:00:00]} O-O {[%emt 0:00:00]} 5. Nc3 {[%emt 0:00:00]} d6 {[%emt 0:00:00]} 6. Nf3 {[%emt 0:00:00]} Nc6 {[%emt 0:00:16]} 7. O-O {[%emt 0:00:29]} a6 {[%emt 0:00:05]} 8. b3 {[%emt 0:00:06]} Rb8 {[%emt 0:00:53]} 9. d5 {[%emt 0:00:12]} Na5 {[%emt 0:00:15] E63: King's Indian: Fianchetto: Panno Variation with 7...a6} 10. Bg5 {[%emt 0:00:08]} (10. Bd2 c5 11. dxc6 Nxc6 12. Qc1 Bd7 13. Bh6 b5 14. Bxg7 Kxg7 15. cxb5 axb5 16. Qb2 Kg8 17. b4 Qb6 18. Rfd1 Rfc8 {½-½ (77) Inarkiev,E (2689)-Zhao,J (2604) Riadh 2017}) 10... c5 {[%emt 0:02:24]} 11. dxc6 {[%emt 0:00:29]} bxc6 {[%emt 0:19:41]} 12. c5 {[%emt 0:02:31] LiveBook: 3 Games} d5 $146 {[%emt 0:12:02]} ({Predecessor:} 12... h6 13. Bd2 d5 14. Bf4 Rb4 15. Be5 Bg4 16. Nd4 Re8 17. h3 {1-0 (61) Lingnau,C (2421)-Buchal,S (2347) Germany 2017}) 13. Rc1 {[%emt 0:21:00]} Re8 {[%emt 0:14:16]} 14. Bf4 {[%emt 0:20:47]} Rb7 {[%emt 0:07:28]} 15. Be5 {[%emt 0:07:32]} Bh6 {[%emt 0:02:55]} 16. Bf4 {[%emt 0:02:25]} (16. e3 $14) 16... Bxf4 {[%emt 0:02:10]} 17. gxf4 {[%emt 0:00:05]} Bg4 {[%emt 0:02:20]} 18. Ne5 {[%emt 0:04:30]} Qc8 {[%emt 0:08:15]} 19. Qd4 {[%emt 0:13:42]} Bh3 {[%emt 0:14:09]} 20. Na4 {[%emt 0:03:49]} Bxg2 {[%emt 0:02:10]} 21. Kxg2 {[%emt 0:01:09]} Nh5 {[%emt 0:01:10]} 22. f3 {[%emt 0:05:10]} f6 {[%emt 0:03:47]} 23. Ng4 {[%emt 0:01:02]} e5 {[%emt 0:01:28]} 24. fxe5 {[%emt 0:00:49]} fxe5 {[%emt 0:01:47]} 25. Nxe5 {[%emt 0:06:10]} Qf5 {[%emt 0:00:30]} 26. Ng4 {[%emt 0:04:04]} Rxe2+ {[%emt 0:00:34]} 27. Rf2 {[%emt 0:00:18]} Qf4 {[%emt 0:00:24]} 28. Qxf4 {[%emt 0:02:34]} (28. Rd1 $1 $15 Rbe7 29. Nc3) 28... Nxf4+ {[%emt 0:00:05]} 29. Kf1 {[%emt 0:01:02]} Rbe7 {[%emt 0:00:25]} 30. Nc3 {[%emt 0:00:36]} Rxf2+ {[%emt 0:00:23]} 31. Nxf2 {[%emt 0:00:04]} Re3 {[%emt 0:00:10]} 32. Ncd1 {[%emt 0:01:37]} Rxf3 {[%emt 0:00:11]} 33. Rc3 {[%emt 0:00:25]} Rxc3 {[%emt 0:00:13]} 34. Nxc3 {[%emt 0:00:03]} Kf7 {[%emt 0:00:32]} 35. b4 {[%emt 0:01:22]} (35. Ne2 $17 Ne6 36. Ng4) 35... Nc4 {[%emt 0:00:16]} 36. a4 {[%emt 0:01:19]} (36. Ke1 $142) 36... Ne3+ {[%emt 0:00:57]} 37. Kg1 {[%emt 0:00:29]} d4 {[%emt 0:01:30]} 38. Nce4 {[%emt 0:00:45]} Ne2+ {[%emt 0:00:20]} (38... Ke6 $142 39. Nd6 Ke5) 39. Kh1 {[%emt 0:00:02]} h6 {[%emt 0:02:47]} 40. b5 {[%emt 0:01:01]} cxb5 {[%emt 0:01:01]} 41. axb5 {[%emt 0:02:41]} axb5 {[%emt 0:00:05]} 42. Nd6+ {[%emt 0:06:27]} Ke6 {[%emt 0:01:18]} 43. Nxb5 {[%emt 0:00:55]} Kd5 {[%emt 0:02:30]} 44. Nd6 {[%emt 0:03:08]} Kxc5 {[%emt 0:01:09]} 45. Nf7 {[%emt 0:00:58]} h5 {[%emt 0:04:27]} 46. Nh3 {[%emt 0:06:01]} d3 {[%emt 0:05:40]} 47. Nf2 {[%emt 0:00:59]} Kd4 {[%emt 0:07:56]} 48. Nxd3 {[%emt 0:00:33]} Kxd3 {[%emt 0:00:05]} 49. Ne5+ {[%emt 0:00:03]} Ke4 {[%emt 0:00:08]} 50. Nxg6 {[%emt 0:00:02]} Nf4 {[%emt 0:02:57]} 51. Ne7 {[%emt 0:02:45]} Nh3 {[%emt 0:00:09]} 52. Ng8 {[%emt 0:01:21]} Kf3 {[%emt 0:00:07]} 53. Nf6 {[%emt 0:02:25]} Nd1 {[%emt 0:00:09]} 54. Nxh5 {[%emt 0:01:15]} Ndf2# 0-1

[Event "GER-chT Youth Countries 2018"]
[Site "Wurzburg"]
[Date "2018.10.07"]
[Round "7"]
[White "Neukirchner, Pascal"]
[Black "Faerber, David"]
[Result "1-0"]
[WhiteElo "2294"]
[BlackElo "2279"]
[Annotator "NA"]
[PlyCount "51"]
[EventDate "2018.10.03"]
[EventType "team-tourn"]
[EventCountry "GER"]
[SourceTitle "playchess.com"]
[Source "ChessBase"]
[SourceQuality "1"]
[TimeControl "40/5400+30:1800+30"]

{[%evp 9,48,29,25,15,36,20,49,19,38,39,32767,36,53,32,48,66,53,75,64,56,93,84,115,107,212,230,237,180,281,275,588,583,32767,32767,32767,32767,927,883,897,1011,29998]} 1. d4 {[%emt 0:00:00]} d5 {[%emt 0:00:00]} 2. c4 {[%emt 0:00:00]} e6 {[%emt 0:00:07]} 3. Nf3 {[%emt 0:00:00]} a6 {[%emt 0:00:11]} 4. cxd5 {[%emt 0:06:50]} exd5 {[%emt 0:00:09]} 5. Nc3 {[%emt 0:00:35]} c6 {[%emt 0:00:43] D31: Queen's Gambit Declined: Semi-Slav without ...Nf6 (+ Marshall Gambit and Noteboom) and Exchange Variation lines without ...Nf6} (5... Nf6 6. Qb3 Be7 7. Bf4 O-O 8. e3 Bd6 9. Bg5 c6 10. Bd3 Re8 11. O-O Be7 12. Rae1 Nbd7 13. e4 Nb6 14. Bxf6 Bxf6 15. exd5 Rxe1 16. Rxe1 Nxd5 {½-½ (30) Dubov,D (2691)-Fedoseev,V (2707) Abu Dhabi 2018}) 6. Bf4 {[%emt 0:02:21]} Bd6 {[%emt 0:00:46]} 7. Bxd6 {[%emt 0:04:56]} Qxd6 {[%emt 0:02:06]} 8. e4 {[%emt 0:00:05]} dxe4 {[%emt 0:10:30]} 9. Nxe4 {[%emt 0:00:21] LiveBook: 6 Games} Qe7 {[%emt 0:04:09]} 10. Qe2 {[%emt 0:03:04]} Be6 {[%emt 0:01:38]} 11. Nc5 {[%emt 0:02:35]} Nd7 $146 {[%emt 0:02:24]} ({Predecessor:} 11... Nf6 12. Nxe6 fxe6 13. O-O-O {0-1 (20) Saravanan,V (2379)-Luther,T (2526) Cappelle-la-Grande 2008}) 12. Nxe6 {[%emt 0:03:00]} fxe6 {[%emt 0:01:23]} 13. g3 {[%emt 0:01:48]} O-O-O {[%emt 0:16:06]} 14. Bh3 {[%emt 0:05:50]} Qb4+ {[%emt 0:03:29]} 15. Qd2 {[%emt 0:04:30]} Qb5 {[%emt 0:02:25]} 16. Ng5 {[%emt 0:10:55]} ({Resist} 16. Bxe6 $6 Ngf6 $11) 16... Nh6 {[%emt 0:07:09]} (16... Nc5 $16) 17. Nxe6 {[%emt 0:03:34]} ({Und nicht} 17. Bxe6 Rhe8 $11) 17... Rde8 {[%emt 0:08:17]} 18. O-O-O {[%emt 0:01:31]} Kb8 {[%emt 0:07:12]} (18... Qc4+ $16 {is a better defense.} 19. Qc2 Qxc2+ 20. Kxc2 g6) 19. Rhe1 {[%emt 0:02:31]} Qh5 $2 {[%emt 0:04:55]} (19... Rhg8 {is tougher.} 20. Kb1 Qd5) 20. Nxg7 {[%emt 0:00:27]} Qxh3 {[%emt 0:00:38]} 21. Rxe8+ {[%emt 0:00:18]} Rxe8 {[%emt 0:00:05]} 22. Nxe8 {[%emt 0:00:07]} Qxh2 {[%emt 0:00:16]} 23. Qf4+ {[%emt 0:00:39]} Ka7 $18 {[%emt 0:00:21]} 24. Qc7 {[%emt 0:00:10]} Nb6 {[%emt 0:00:35]} 25. Nd6 {[%emt 0:00:11]} Nd5 {[%emt 0:00:06]} 26. Qxb7# {[%emt 0:00:06]} 1-0

[Event "GER-chT Youth Countries 2018"]
[Site "Wurzburg"]
[Date "2018.10.07"]
[Round "7"]
[White "Svane, Frederik"]
[Black "Philipp, Mathias"]
[Result "1-0"]
[WhiteElo "2287"]
[BlackElo "2076"]
[Annotator "NA"]
[PlyCount "145"]
[EventDate "2018.10.03"]
[EventType "team-tourn"]
[EventCountry "GER"]
[SourceTitle "playchess.com"]
[Source "ChessBase"]
[SourceQuality "1"]
[TimeControl "40/5400+30:1800+30"]

{[%evp 26,134,17,12,21,30,16,23,45,36,116,126,117,128,127,123,123,129,126,140,143,137,158,32767,110,32767,201,32767,32767,32767,32767,32767,343,32767,340,253,216,197,159,172,214,32767,32767,125,32767,32767,32767,32767,32767,32767,32767,32767,170,32767,111,129,32767,70,132,0,251,149,32767,145,201,211,205,247,231,135,32767,32767,268,157,32767,306,260,32767,32767,32767,627,1730,955,1523,1861,0,32767,32767,32767,32767,32767,32767,5110,32767,29958,12723,12846,29974,32767,29975,12847,29978,29964,12848,12849,32767,32767,12850,29981,29982,29982]} 1. e4 {[%emt 0:00:00]} e6 {[%emt 0:00:00]} 2. d4 {[%emt 0:00:00]} d5 {[%emt 0:00:00]} 3. Nd2 {[%emt 0:00:00]} Be7 {[%emt 0:00:00]} 4. Bd3 {[%emt 0:03:08]} c5 {[%emt 0:00:00]} 5. Ngf3 {[%emt 0:02:46]} Nf6 {[%emt 0:00:10]} 6. dxc5 {[%emt 0:05:09]} dxe4 {[%emt 0:01:11]} 7. Nxe4 {[%emt 0:00:09]} Nxe4 {[%emt 0:00:04]} 8. Bxe4 {[%emt 0:00:14]} Qxd1+ {[%emt 0:00:02]} 9. Kxd1 {[%emt 0:00:14]} Bxc5 {[%emt 0:00:10]} 10. Ke2 {[%emt 0:00:29]} Nc6 {[%emt 0:01:02] C03: French Tarrasch: Unusual Black 3rd moves} (10... Nd7 11. Be3 Bxe3 12. Kxe3 Nc5 13. Rhd1 Ke7 14. Bd3 f6 15. Bc4 Bd7 16. b4 Na4 17. Rxd7+ Kxd7 18. Bb5+ {½-½ (52) Svidler,P (2753)-Yu,Y (2759) Shenzhen 2018}) 11. Be3 {[%emt 0:02:02]} Bxe3 {[%emt 0:04:53]} 12. Kxe3 {[%emt 0:00:09]} Ke7 $146 {[%emt 0:03:01]} ({Predecessor:} 12... f6 13. Rhd1 Ke7 14. Bxc6 bxc6 15. Nd4 Bd7 16. Nb3 Rab8 17. Rd2 Rb5 18. f4 g5 19. fxg5 Rxg5 20. Rad1 {½-½ (20) Sudakova,I (2330)-Molchanova,T (2359) Dagomys 2008}) 13. Rhd1 {[%emt 0:03:28]} Bd7 {[%emt 0:12:54]} 14. Rd2 {[%emt 0:05:23]} f6 {[%emt 0:09:04]} 15. Rad1 {[%emt 0:05:27]} Rad8 {[%emt 0:00:13]} 16. c4 {[%emt 0:03:30]} Na5 {[%emt 0:03:10]} 17. b3 {[%emt 0:00:52]} Bc6 {[%emt 0:00:46]} ({Black should try} 17... Nc6 $14) 18. Rxd8 {[%emt 0:02:39]} Rxd8 {[%emt 0:00:04]} 19. Rxd8 {[%emt 0:00:04]} Kxd8 {[%emt 0:00:04]} 20. Bxh7 {[%emt 0:01:58]} e5 {[%emt 0:11:59]} 21. g3 {[%emt 0:13:56]} Ke7 {[%emt 0:02:55]} 22. Nh4 {[%emt 0:08:45]} Bd7 {[%emt 0:14:06]} 23. Be4 {[%emt 0:04:02]} Nc6 {[%emt 0:02:33]} 24. f4 {[%emt 0:13:20]} exf4+ {[%emt 0:03:02]} 25. gxf4 {[%emt 0:00:10]} g5 {[%emt 0:03:56]} (25... Kd6 $16 26. a3 Na5) 26. Nf3 {[%emt 0:01:37]} g4 {[%emt 0:05:48]} 27. Nd4 {[%emt 0:00:29]} Kd6 {[%emt 0:04:52]} 28. a3 {[%emt 0:07:42]} a5 {[%emt 0:01:29]} 29. Kd3 {[%emt 0:01:41]} Bc8 {[%emt 0:06:13]} (29... Kc5 $142 30. Kc3 Nxd4 31. b4+ axb4+ 32. axb4+ Kd6) 30. Kc3 {[%emt 0:00:30]} Ne7 {[%emt 0:00:34]} 31. b4 {[%emt 0:02:47]} axb4+ {[%emt 0:00:10]} 32. axb4 {[%emt 0:00:08]} f5 {[%emt 0:00:48]} 33. Bd3 {[%emt 0:02:50]} b6 {[%emt 0:01:09]} 34. Nb5+ {[%emt 0:01:34]} Ke6 {[%emt 0:00:43]} 35. Nd4+ {[%emt 0:00:06]} Kd6 {[%emt 0:00:11]} 36. Kd2 {[%emt 0:00:34]} Bd7 {[%emt 0:00:44]} 37. Ke3 {[%emt 0:03:31]} Bc8 {[%emt 0:05:25]} 38. Nc2 {[%emt 0:04:39]} Bd7 $11 {[%emt 0:01:09] und Schwarz steht sicher.} 39. Kd4 {[%emt 0:00:46]} Nc6+ {[%emt 0:00:21]} 40. Kc3 {[%emt 0:00:09]} Ne7 {[%emt 0:00:35]} 41. Kd2 {[%emt 0:10:15]} (41. Ne3 $16) 41... Ng6 {[%emt 0:05:32] [#]} 42. Ke3 {[%emt 0:00:27]} ({White should play} 42. Ne3 $1 $16 Nxf4 43. Nxf5+ Ke5 44. Ne3) 42... Nh4 $2 {[%emt 0:03:06]} 43. Ne1 {[%emt 0:00:51]} Ng6 {[%emt 0:00:22]} 44. Bf1 {[%emt 0:01:30]} Be6 {[%emt 0:03:10] [#]} 45. Nc2 $1 {[%emt 0:00:54]} Bd7 {[%emt 0:00:10]} 46. Nd4 {[%emt 0:00:32]} Bc8 {[%emt 0:04:22]} 47. h3 {[%emt 0:00:24]} gxh3 {[%emt 0:02:56]} 48. Bxh3 {[%emt 0:00:09]} Ne7 {[%emt 0:00:43]} 49. Bf1 {[%emt 0:01:04]} Bd7 {[%emt 0:00:27]} 50. Bd3 {[%emt 0:02:21]} Bc8 {[%emt 0:01:34]} 51. Kf2 {[%emt 0:06:47]} Bd7 {[%emt 0:00:43]} 52. Kg3 {[%emt 0:02:03]} Nc6 {[%emt 0:01:32] [#]} (52... Kc7 $142 53. Kh4 Kd8) 53. Nxc6 $1 {[%emt 0:00:14]} Kxc6 {[%emt 0:00:24]} 54. Kh4 {[%emt 0:00:48]} Be6 {[%emt 0:01:54]} 55. Kg3 $2 {[%emt 0:01:46]} (55. Kh5 $18 Kd6 56. Kg6) 55... Bd7 {[%emt 0:03:28]} 56. Kf2 {[%emt 0:00:21]} Kd6 {[%emt 0:00:06]} 57. Ke3 {[%emt 0:00:04]} Bc8 {[%emt 0:00:47]} 58. Kd4 {[%emt 0:00:05]} Bd7 {[%emt 0:00:03]} 59. c5+ {[%emt 0:00:36]} bxc5+ {[%emt 0:00:04]} 60. bxc5+ {[%emt 0:00:04]} Kc6 {[%emt 0:00:27]} 61. Bc4 {[%emt 0:00:08]} Bc8 {[%emt 0:01:04]} 62. Bd5+ {[%emt 0:00:58]} Kb5 {[%emt 0:00:12]} 63. c6 {[%emt 0:01:05]} Kb6 {[%emt 0:00:04]} 64. Ke5 {[%emt 0:00:13]} Kc7 {[%emt 0:00:12]} 65. Be6 {[%emt 0:00:19]} Ba6 {[%emt 0:01:47]} 66. Bd7 {[%emt 0:00:04]} Bd3 {[%emt 0:04:31]} 67. Bxf5 {[%emt 0:00:07]} Bf1 {[%emt 0:00:25]} 68. Bd7 {[%emt 0:00:06]} Bg2 {[%emt 0:00:08]} 69. f5 {[%emt 0:02:12]} Bh3 {[%emt 0:00:13]} 70. f6 {[%emt 0:00:06]} Bxd7 {[%emt 0:00:10]} 71. cxd7 {[%emt 0:00:34]} Kxd7 {[%emt 0:00:09]} 72. Kf5 {[%emt 0:00:15]} Ke8 {[%emt 0:00:10]} 73. Ke6 {[%emt 0:00:03]} 1-0

[Event "GER-chT Youth Countries 2018"]
[Site "Wurzburg"]
[Date "2018.10.07"]
[Round "7"]
[White "Urban, Konstantin"]
[Black "Browning, Alex"]
[Result "1-0"]
[WhiteElo "2279"]
[BlackElo "2150"]
[Annotator "ChessBase"]
[PlyCount "75"]
[EventDate "2018.10.03"]
[EventType "team-tourn"]
[EventCountry "GER"]
[SourceTitle "playchess.com"]
[Source "ChessBase"]
[SourceQuality "1"]
[TimeControl "40/5400+30:1800+30"]

1. e4 {[%emt 0:00:00]} c5 {[%emt 0:00:00]} 2. Nf3 {[%emt 0:00:00]} d6 {[%emt 0:00:00]} 3. d4 {[%emt 0:00:00]} cxd4 {[%emt 0:00:00]} 4. Nxd4 {[%emt 0:00:00]} Nf6 {[%emt 0:00:00]} 5. Nc3 {[%emt 0:00:07]} a6 {[%emt 0:00:04]} 6. Bg5 {[%emt 0:00:11]} e6 {[%emt 0:00:08]} 7. f4 {[%emt 0:00:07]} h6 {[%emt 0:00:05]} 8. Bh4 {[%emt 0:00:07]} Qb6 {[%emt 0:00:05]} 9. a3 {[%emt 0:00:19]} Be7 {[%emt 0:00:29]} 10. Bf2 {[%emt 0:00:11]} Qc7 {[%emt 0:00:10]} 11. Be2 {[%emt 0:00:20]} b5 {[%emt 0:04:22]} 12. Bf3 {[%emt 0:01:01]} Bb7 {[%emt 0:00:49]} 13. Qe2 {[%emt 0:00:22]} Nbd7 {[%emt 0:01:09]} 14. O-O-O {[%emt 0:00:57]} O-O {[%emt 0:15:53]} 15. g4 {[%emt 0:01:25]} d5 {[%emt 0:37:16]} 16. e5 {[%emt 0:25:20]} Ne4 {[%emt 0:01:22]} 17. Nxe4 {[%emt 0:01:10]} dxe4 18. Bxe4 {[%emt 0:00:16]} Bxe4 {[%emt 0:00:40]} 19. Qxe4 {[%emt 0:00:01]} Rfc8 {[%emt 0:00:14]} 20. h4 {[%emt 0:15:34]} b4 {[%emt 0:03:10]} 21. axb4 {[%emt 0:07:11]} Bxb4 {[%emt 0:01:19]} 22. Rh3 {[%emt 0:00:46]} Nc5 {[%emt 0:01:43]} 23. Qe2 {[%emt 0:00:47]} a5 {[%emt 0:07:36]} 24. Kb1 {[%emt 0:12:48]} a4 {[%emt 0:04:58]} 25. Qc4 {[%emt 0:01:37]} a3 {[%emt 0:04:00]} 26. Qxb4 {[%emt 0:02:11]} axb2 {[%emt 0:01:35]} 27. Ra3 {[%emt 0:06:46]} Ne4 {[%emt 0:03:58]} 28. Be1 {[%emt 0:04:55]} Rab8 {[%emt 0:00:14]} 29. Qa5 {[%emt 0:00:59]} Qc4 {[%emt 0:00:20]} 30. Qa6 {[%emt 0:02:10]} Qd5 {[%emt 0:02:49]} 31. Qd3 {[%emt 0:02:24]} Nc5 {[%emt 0:04:22]} 32. Qf3 {[%emt 0:00:27]} Rd8 {[%emt 0:01:08]} 33. Qxd5 {[%emt 0:00:51]} Rxd5 {[%emt 0:00:08]} 34. Ra2 {[%emt 0:02:09]} Rbd8 {[%emt 0:01:10]} 35. c3 {[%emt 0:00:12]} Rc8 {[%emt 0:00:14]} 36. Kxb2 {[%emt 0:00:41]} Nb7 {[%emt 0:00:38]} 37. Kc2 {[%emt 0:00:52]} Na5 {[%emt 0:00:16]} 38. Nf5 {[%emt 0:01:51]} 1-0

[Event "GER-chT Youth Countries 2018"]
[Site "Wurzburg"]
[Date "2018.10.07"]
[Round "7"]
[White "Pallas, Sebastian"]
[Black "Polster, Christian"]
[Result "0-1"]
[WhiteElo "2278"]
[BlackElo "2294"]
[Annotator "ChessBase"]
[PlyCount "64"]
[EventDate "2018.10.03"]
[EventType "team-tourn"]
[EventCountry "GER"]
[SourceTitle "playchess.com"]
[Source "ChessBase"]
[SourceQuality "1"]
[TimeControl "40/5400+30:1800+30"]

1. e4 {[%emt 0:00:00]} g6 {[%emt 0:00:00]} 2. d4 {[%emt 0:00:08]} Bg7 {[%emt 0:00:00]} 3. Nf3 {[%emt 0:00:58]} d6 {[%emt 0:00:04]} 4. h3 Nf6 {[%emt 0:00:27]} 5. Nc3 {[%emt 0:00:55]} c6 {[%emt 0:00:27]} 6. a4 {[%emt 0:00:13]} O-O {[%emt 0:00:18]} 7. Be2 {[%emt 0:01:55]} Nbd7 {[%emt 0:03:22]} 8. O-O {[%emt 0:00:38]} e5 {[%emt 0:00:13]} 9. dxe5 {[%emt 0:02:46]} dxe5 {[%emt 0:00:18]} 10. Qd6 {[%emt 0:00:44]} Re8 {[%emt 0:05:36]} 11. Bg5 {[%emt 0:07:17]} h6 {[%emt 0:01:29]} 12. Bh4 {[%emt 0:00:36]} g5 {[%emt 0:03:49]} 13. Bg3 {[%emt 0:00:15]} Nh5 {[%emt 0:01:04]} 14. Bc4 Nf4 {[%emt 0:02:06]} 15. Rad1 {[%emt 0:24:39]} Bf8 {[%emt 0:02:45]} 16. Qd2 {[%emt 0:00:56]} Qf6 {[%emt 0:01:30]} 17. Nh2 {[%emt 0:08:29]} Bb4 {[%emt 0:12:25]} 18. Bxf4 {[%emt 0:11:21]} exf4 {[%emt 0:06:54]} 19. Ng4 {[%emt 0:00:17]} Qg7 {[%emt 0:10:24]} 20. Qd4 {[%emt 0:06:46]} h5 {[%emt 0:20:01]} 21. Nh2 {[%emt 0:01:32]} Qxd4 {[%emt 0:05:20]} 22. Rxd4 {[%emt 0:00:06]} Bc5 {[%emt 0:00:06]} 23. Rd2 {[%emt 0:00:07]} Ne5 {[%emt 0:00:10]} 24. Be2 {[%emt 0:00:07]} g4 {[%emt 0:01:58]} 25. Kh1 {[%emt 0:00:39]} Be6 {[%emt 0:03:34]} 26. hxg4 {[%emt 0:07:16]} hxg4 {[%emt 0:00:20]} 27. g3 {[%emt 0:00:12]} f3 {[%emt 0:01:31]} 28. Bd3 {[%emt 0:00:05]} Kg7 {[%emt 0:01:10]} 29. Nd1 {[%emt 0:00:18]} Rad8 {[%emt 0:02:59]} 30. b3 {[%emt 0:02:42]} Bb4 {[%emt 0:00:20]} 31. c3 {[%emt 0:00:16]} Be7 {[%emt 0:00:30]} 32. Nb2 {[%emt 0:00:32]} Ba3 {[%emt 0:00:52]} 0-1